Programma del corso di diritto criminale dettato vella R. Universitá di Pisa / (Record no. 40244)
[ view plain ]
| 000 -LEADER | |
|---|---|
| campo de control de longitud fija | 00518nam a2200169 i 4500 |
| 001 - NÚMERO DE CONTROL | |
| campo de control | 40244 |
| 003 - IDENTIFICADOR DE NÚMERO DE CONTROL | |
| campo de control | ES-MaACL |
| 005 - FECHA Y HORA DE LA ÚLTIMA TRANSACCIÓN | |
| campo de control | 20230906160155.0 |
| 007 - CAMPO FIJO DE DESCRIPCIÓN FÍSICA--INFORMACIÓN GENERAL | |
| campo de control de longitud fija | t| |
| 008 - DATOS DE LONGITUD FIJA--INFORMACIÓN GENERAL | |
| campo de control de longitud fija | 030305s1877 it ||||1| ita d |
| 100 1# - ENTRADA PRINCIPAL--NOMBRE DE PERSONA | |
| Nombre de persona | Carrara, Francesco ( |
| Fechas asociadas al nombre | 1805-1888) |
| 9 (RLIN) | 35515 |
| 245 10 - MENCIÓN DEL TÍTULO | |
| Título | Programma del corso di diritto criminale dettato vella R. Universitá di Pisa / |
| Mención de responsabilidad, etc. | Francesco Carrara. |
| 250 ## - MENCION DE EDICION | |
| Mención de edición | 5ª ed. |
| 260 ## - PUBLICACIÓN, DISTRIBUCIÓN, ETC. | |
| Lugar de publicación, distribución, etc. | [S.l. : |
| Nombre del editor, distribuidor, etc. | s.n., |
| Fecha de publicación, distribución, etc. | 1877] ( |
| Lugar de fabricación/manufactura | Lucca : |
| Fabricante | Giusti) |
| 300 ## - DESCRIPCIÓN FÍSICA | |
| Extensión | 9 v. ; |
| Dimensiones | 22 cm. |
| 852 ## - LOCALIZACIÓN | |
| Ubicación | ES-MaACL |
| Número de control de estantería | F-11326-34 |
| Estatus retirado | Estado de pérdida | Estado de daño | No para préstamo | Colección | Biblioteca de origen | Biblioteca actual | Ubicación en estantería | Fecha de adquisición | Fuente de adquisición | Total de préstamos | Signatura topográfica completa | Código de barras | Visto por última vez | Precio de reemplazo | Tipo de ítem Koha |
|---|---|---|---|---|---|---|---|---|---|---|---|---|---|---|---|
| Libros del s. XIX | Biblioteca del Ateneo de Madrid | Biblioteca del Ateneo de Madrid | Sala Pecera Planta 2 | 17/01/2008 | F-11326-34 | 1042368 | 23/02/2023 | 23/02/2023 | Libro impreso antiguo |
